<?xml version="1.0" encoding="UTF-8"?>
<record
    xmlns:xsi="http://www.w3.org/2001/XMLSchema-instance"
    xsi:schemaLocation="http://www.loc.gov/MARC21/slim http://www.loc.gov/standards/marcxml/schema/MARC21slim.xsd"
    xmlns="http://www.loc.gov/MARC21/slim">

  <leader>00633nam a22001817a 4500</leader>
  <controlfield tag="005">20220831100339.0</controlfield>
  <controlfield tag="008">100422t1963    xxu||||g |||| 000 0 arb d</controlfield>
  <datafield tag="040" ind1=" " ind2=" ">
    <subfield code="a">EG-ScBUE</subfield>
    <subfield code="c">EG-ScBUE</subfield>
  </datafield>
  <datafield tag="082" ind1=" " ind2=" ">
    <subfield code="2">22</subfield>
    <subfield code="a">&#x202A;297.29</subfield>
    <subfield code="b">&#x639; &#x642; &#x627; </subfield>
  </datafield>
  <datafield tag="100" ind1=" " ind2=" ">
    <subfield code="9">8135</subfield>
    <subfield code="a">&#x627;&#x644;&#x639;&#x642;&#x627;&#x62F;, &#x639;&#x628;&#x627;&#x633; &#x645;&#x62D;&#x645;&#x648;&#x62F;.</subfield>
  </datafield>
  <datafield tag="245" ind1=" " ind2=" ">
    <subfield code="a">&#x645;&#x627; &#x64A;&#x642;&#x627;&#x644; &#x639;&#x646; &#x627;&#x644;&#x625;&#x633;&#x644;&#x627;&#x645;  /</subfield>
    <subfield code="c">&#x639;&#x628;&#x627;&#x633; &#x645;&#x62D;&#x645;&#x648;&#x62F; &#x627;&#x644;&#x639;&#x642;&#x627;&#x62F; </subfield>
  </datafield>
  <datafield tag="260" ind1=" " ind2=" ">
    <subfield code="a">&#x628;&#x64A;&#x631;&#x648;&#x62A;:</subfield>
    <subfield code="b">&#x627;&#x644;&#x645;&#x643;&#x62A;&#x628;&#x629; &#x627;&#x644;&#x639;&#x635;&#x631;&#x64A;&#x629; &#x60C; [1963]</subfield>
    <subfield code="c">[1963]</subfield>
  </datafield>
  <datafield tag="300" ind1=" " ind2=" ">
    <subfield code="a">232&#x61B;</subfield>
    <subfield code="c">24 &#x633;&#x645;.</subfield>
  </datafield>
  <datafield tag="500" ind1=" " ind2=" ">
    <subfield code="a">&#x625;&#x647;&#x62F;&#x627;&#x621; &#x639;&#x644;&#x627;&#x621; &#x639;&#x628;&#x62F; &#x627;&#x644;&#x63A;&#x646;&#x649; </subfield>
  </datafield>
  <datafield tag="650" ind1=" " ind2=" ">
    <subfield code="9">14347</subfield>
    <subfield code="a">&#x627;&#x644;&#x625;&#x633;&#x644;&#x627;&#x645; </subfield>
    <subfield code="x">&#x62F;&#x641;&#x639; &#x645;&#x637;&#x627;&#x639;&#x646;</subfield>
    <subfield code="2">BUEsh</subfield>
  </datafield>
  <datafield tag="651" ind1=" " ind2=" ">
    <subfield code="2">BUEsh</subfield>
  </datafield>
  <datafield tag="942" ind1=" " ind2=" ">
    <subfield code="2">ddc</subfield>
    <subfield code="c">BB</subfield>
  </datafield>
  <datafield tag="999" ind1=" " ind2=" ">
    <subfield code="c">13931</subfield>
    <subfield code="d">13931</subfield>
  </datafield>
  <datafield tag="952" ind1=" " ind2=" ">
    <subfield code="0">0</subfield>
    <subfield code="1">0</subfield>
    <subfield code="2">ddc</subfield>
    <subfield code="4">0</subfield>
    <subfield code="7">0</subfield>
    <subfield code="8">Donation-G</subfield>
    <subfield code="a">MAIN</subfield>
    <subfield code="b">MAIN</subfield>
    <subfield code="c">LOW</subfield>
    <subfield code="d">2010-04-22</subfield>
    <subfield code="e">Donation</subfield>
    <subfield code="l">1</subfield>
    <subfield code="o">&#x202A;297.29 &#x639; &#x642; &#x627;</subfield>
    <subfield code="p">000020466</subfield>
    <subfield code="r">2025-07-15 00:00:00</subfield>
    <subfield code="s">2015-11-17</subfield>
    <subfield code="y">BB</subfield>
  </datafield>
</record>
